000 00686nam a2200181Ia 4500
008 100921s9999 xx 000 0 und d
082 _b24758
_a617.7 थ 86
100 _aगाला ध.रा.,गाला धीरेन.
245 _aनेत्ररक्षा.
260 _bगाला प्रकाशन,मुंबई.
_c1986
300 _a57
_b---
365 _b5
520 _aतंत्रविज्ञान-नेत्रचिकित्सा.
630 _aनेत्ररक्षा.
650 _aतंत्रविज्ञान-नेत्रचिकित्सा.
730 _aनेत्ररक्षा.
942 _cBOOK
999 _c773871
_d773868